000 00793nam a2200229 i 4500
001 80499
003 ES-MaACL
005 20250808022124.0
007 t|
008 041028s1953 sp ||||1| spa d
100 1 _aHitler, Adolf,
_d1889-1945
_963836
245 1 0 _aConversaciones sobre la guerra y la paz
_b: recogidas por orden de Martin Bormann /
_c[traducción de Alfredo Nieto ; prefacio y notas de E.P. de las Heras].
250 _a[1ª ed.].
260 _aBarcelona :
_bLuis de Caralt,
_c[1953] (
_fSimpar)
300 _aXIV, 316 p., 30 lám. ;
_c22 cm.
490 1 _aLa vida vivida
700 1 _aNieto, Alfredo.
_985650
700 1 _aHeras, E. P. de las.
_962634
830 0 3 _aLa vida vivida
_9180877
852 _aES-MaACL
_jC-6096
_bR.34884
999 _c80499
_d80499